From choosing to moving home dream your to get steps seven the / (Record no. 154921)

MARC details
000 -LEADER
fixed length control field 00613nam a22001817a 4500
005 - DATE AND TIME OF LATEST TRANSACTION
control field 20180726160713.0
010 ## - LCCN (DPL NO)
LC control number ENG-123607
020 ## - INTERNATIONAL STANDARD BOOK NUMBER
Terms of availability 499.00
International Standard Book Number 9789380200293
035 ## - SYSTEM CONTROL NUMBER
System control number EN-107139
037 ## - SOURCE OF ACQUISITION
Source of stock number/acquisition DBAD/PUB.
082 ## - DEWEY DECIMAL CLASSIFICATION NUMBER
Classification number 333.330954
245 ## - TITLE STATEMENT
Title From choosing to moving home dream your to get steps seven the /
260 ## - PUBLICATION, DISTRIBUTION, ETC. (IMPRINT)
Place of publication, distribution, etc New Delhi
Name of publisher, distributor, etc Network 18 Publications Pvt. Ltd.,
Date of publication, distribution, etc 2016
270 ## - ADDRESS
Address 507, Prabhat Kiran, 17, Rajendra Place,
City New Delhi
Postal code 110008
300 ## - PHYSICAL DESCRIPTION
Extent 146p.
Other physical details photos
Dimensions 24cm(Hb)
500 ## - GENERAL NOTE
General note The seven steps to get your dream home
942 ## - ADDED ENTRY ELEMENTS (KOHA)
Source of classification or shelving scheme Dewey Decimal Classification
Item type English Books
Classification part 333.330954
Call number suffix FRO
Holdings
Withdrawn status Lost status Not for loan Collection code Home library Current library Date acquired Source of acquisition Cost, normal purchase price Full call number Barcode Copy number Cost, replacement price Koha item type
    Not For Loan Non-fiction D.B.Act.Division Patel Nagar 26/07/2018 DBAD/PUB 499.00 333.330954 FRO EN-107139 1 499.00 English Books

© Delhi Public Library
Hit Counter
free hit counter